Na okraj novely občanského zákoníku.
Nová koncepcia súkromného práva vyjadrená v novele občianskeho zákonníka a v obchodnom zákonníku viedla ku zrušeniu hospodárskeho zákonníka a zákonníka medzinárodného obchodu. Uvedenie základných zmien, ktoré z pohľadu podnikateľa priniesla novela občianskeho zákonníka.
Gespeichert in:
| Format: | Buchkapitel |
|---|---|
| Sprache: | Tschechisch |
| Schlagworte: | |
| Tags: |
Keine Tags, Fügen Sie das erste Tag hinzu!
|
MARC
| LEADER | 00000naa a2200000 4500 | ||
|---|---|---|---|
| 001 | r007255 | ||
| 005 | 20220831083819.4 | ||
| 041 | 0 | |a cze | |
| 044 | |a [CS] | ||
| 245 | 1 | 0 | |a Na okraj novely občanského zákoníku. |
| 520 | |a Nová koncepcia súkromného práva vyjadrená v novele občianskeho zákonníka a v obchodnom zákonníku viedla ku zrušeniu hospodárskeho zákonníka a zákonníka medzinárodného obchodu. Uvedenie základných zmien, ktoré z pohľadu podnikateľa priniesla novela občianskeho zákonníka. | ||
| 610 | 2 | 0 | |a právo občianske |
| 610 | 2 | 0 | |a zákony |
| 610 | 2 | 0 | |a ČSFR |